| 000 | 00661nam a2200241Ia 4500 | ||
|---|---|---|---|
| 001 | 29705 | ||
| 005 | 20240114001144.0 | ||
| 007 | ta | ||
| 008 | 060703s1950 a g b000 u be u | ||
| 040 | _aCotton College,Assam | ||
| 041 | _abe | ||
| 082 |
_a291.35 _bC 392 H |
||
| 100 | _aChattopadhyaya, Pramod Kumar . | ||
| 245 | 0 |
_aHimalayer Mahatirtha / _cPramod Kumar Chattopadhyaya. _hTextual Documents |
|
| 250 | _a1st ed. / | ||
| 260 |
_aCalcutta : _bBhattacharyya Sons Ltd. , _c1950. |
||
| 300 |
_a222p. : _bill ; _c22cm . |
||
| 653 | _aTemple-Himalaya | ||
| 653 | _aG-Religion | ||
| 942 |
_2ddc _cBK |
||
| 999 |
_c29687 _d29687 |
||